Demigods of Ares in Percy Jackson - Statistics

General Stats
  • This quiz has been taken 54 times
  • The average score is 2 of 5
Answer Stats
Answer % Correct
Clarisse La Rue
100%
Sherman Yang
37%
Arnold Beefcake
13%
Ellis Wakefield
13%
Mark
13%
No matching quizzes found
Score Distribution
Percent of People with Each Score
Percentile by Number Answered
Your Score History
You have not taken this quiz